000 00417nam a2200169Ia 4500
008 151213s9999 xx 000 0 und d
020 _a455216738
100 _aM.Rafiqul Islam
245 _aInternational Trade Law
_cM.Rafiqul Islam
250 _a1st
260 _aNew South Wales
_bLBC Informe Service
_c1999
300 _a6761 p.
650 _aLaw
650 _aLaw
700 _aM.Rafiqul Islam
999 _c3677
_d3677